=LDR 00000nam 2200000 4500 =001 INLIS000000000017257 =005 20130612112440 =008 ***********************************ind** =035 ##$$0010-061300000017257 =041 ##$$a ind =082 ##$$a 658.403 801 1 =090 ##$$a 658.403 801 1, Sut a =100 ##$$a SUTABRI, Tata =245 ##$$a Analisa sistem informasi, Tata Sutabri =260 ##$$a 23 cm $b Yogyakarta =300 ##$$a x, 214 hlm, 23 cm =650 ##$$a INFORMASI SISTEM =850 ##$$a NBPNMAT